000
00195 a2200097 4500
020
_a
9781626725812
041
_a
eng
100
_a
Nick Bruel
245
_a
bad Kitty does not like snow
942
_c
K
999
_c
30265
_d
30263